A-B-C-D Multiple Choice Quiz Stats

 Plays Quiz Updated Aug 28, 2017

Support Sporcle.
Go Orange.
Score 0/20 Timer 06:00
3 Plays Today
Question Answer Wrong Answers
Which of these letters is not the start of the name of a US state? B
71.7%
A
2%
C
1.6%
D
2.3%
Which of these letters is used as an abbreviation for a major United States political party? D
70.2%
A
2.8%
B
2.1%
C
2.4%
Which of these letters is a homophone for a body of water? C
69.4%
A
3.1%
B
3.2%
D
1.7%
Which of these letters is often seen in the corner of a playing card? A
67.4%
B
2.6%
C
3.6%
D
4.1%
Which of these letters is most associated with the Allied Forces invasion of Normandy during World War II? D
63.2%
A
7.3%
B
4%
C
2.7%
Which of these is the scarlet letter worn by Hester Prynne? A
62.7%
B
5.4%
C
5.3%
D
3.8%
Which of these letters is also a word that can be a noun, an adjective, or a preposition? A
62.1%
B
11.5%
C
3.1%
D
0.8%
Which of these letters is the second word in Emma Stone's break-out movie? A
60.1%
B
9.8%
C
4.1%
D
3.2%
What is the middle initial of famous movie director Cecil DeMille? B
60.1%
A
5.7%
C
4.2%
D
7.3%
Which of these is a Vitamin that you need to have decent amounts of to prevent scurvy? C
60%
A
3.2%
B
4.7%
D
9.5%
Which of these letters can come before the words ration, section, note or clamp? C
60%
A
10.3%
B
3.3%
D
3.8%
Which letter represents 500 in Roman numerals? D
55.4%
A
2.2%
B
2%
C
18.3%
Which of these letters is a programming language developed by Dennis Ritchie at Bell Labs? C
50.9%
A
7.4%
B
11.7%
D
6.9%
Which of these is the initial that appears before Montgomery Burns name on 'The Simpsons'? C
47.6%
A
9.5%
B
11.3%
D
8.7%
Which of these letters is the least frequently used in written English? B
46.3%
A
5.2%
C
11.8%
D
14.2%
Which of these letters is a chemical element symbol for the element with the atomic number 5? B
39.6%
A
7.2%
C
27.4%
D
3.2%
Which letter represents the unit of current in electromagnetism? A
37.8%
B
8.5%
C
21.3%
D
9.7%
What letter appears in the title of a Bravo show about Kathy Griffin's life? D
35.9%
A
14.4%
B
17.3%
C
9.6%
Which of these letters represents 11 in the hexadecimal number system? B
31.7%
A
13.4%
C
14.1%
D
17.7%
What minor key is Bach's Toccata and Fugue in? D
30.2%
A
10.8%
B
19.8%
C
16.4%

You're not logged in!

Compare scores with friends on all Sporcle quizzes.
OR
Log In
Forgot?

From the Vault

TV by First Names II

by oHmAn

We're happy to inform you that we're on a first name basis with all of these TV shows.
Remove Ads.
Support Sporcle.
Get the best of Sporcle when you Go Orange. This ad-free experience offers more features, more stats, and more fun while also helping to support Sporcle. Thank you for becoming a member.

Show Comments

Extras

Top Quizzes Today


Score Distribution

Your Account Isn't Verified!

In order to create a playlist on Sporcle, you need to verify the email address you used during registration. Go to your Sporcle Settings to finish the process.

Report this User

Report this user for behavior that violates our Community Guidelines.

Details: